Next generation management development : The complete guide and resource
Tallennettuna:
| Päätekijä: | |
|---|---|
| Aineistotyyppi: | Sách |
| Kieli: | Undetermined |
| Julkaistu: |
Pfeiffer, a Wiley Imprint
2007
|
| Aiheet: | |
| Tagit: |
Lisää tagi
Ei tageja, Lisää ensimmäinen tagi!
|
| Thư viện lưu trữ: | Trung tâm Thư viện - Trường Đại học Công nghiệp TP. Hồ Chí Minh |
|---|
| LEADER | 00535nam a2200157Ia 4500 | ||
|---|---|---|---|
| 001 | UIH_06196 | ||
| 008 | 231011s9999 xx 000 0 und d | ||
| 082 | |a 658.407 | ||
| 100 | |a Cecil, Robert D | ||
| 245 | 0 | |a Next generation management development : The complete guide and resource | |
| 245 | 0 | |c Cecil, Robert D | |
| 260 | |b Pfeiffer, a Wiley Imprint | ||
| 260 | |c 2007 | ||
| 650 | |a Quản trị nhân sự; | ||
| 927 | |a Sách | ||
| 980 | |a Trung tâm Thư viện - Trường Đại học Công nghiệp TP. Hồ Chí Minh | ||